00447nam a2200121Ia 4500008004100000100001900041245008200060260002700142650001200169856005200181999001900233952007300252171212s9999 xx 000 0 und d aNader, Alireza cNader, AlirezaaIran After the BombbHow Would a Nuclear-Armed Tehran Behave? bRAND Corporationc2013 aHistory uhttp://www.jstor.org/stable/10.7249/j.ctt5hhtg2 c352244d352244 001040aCLbCLd2017-12-12l0r2017-12-12 00:00:00w2017-12-12yCBE